Skip to content
VuFind
All Fields
Title
Author
Subject
Call Number
ISBN/ISSN
Tag
Find
Advanced
Noise and fumes
Cite this
Print
Export Record
Export to RefWorks
Export to EndNoteWeb
Export to EndNote
Export to MARC
Noise and fumes
Bibliographic Details
Format:
Book
Holdings
Description
Similar Items
Staff View
MARC
LEADER
00000cam a2200000 7i4500
001
0000007690
002
000008260
005
20000330.0
020
|a
0749604816
090
0
0
|a
J 363.7
|b
BAI
245
1
0
|a
Noise and fumes
300
|a
30 p. ;
|c
23 cm.
999
|a
026892
|b
BUKU
|c
PINJAMAN
|e
PERPUSTAKAAN KOMUNITI PETALING JAYA
Similar Items
Dadah
Published: (1995)
Safety on the road
by: Baldwin, Dorothy
Published: (1986)
Sisa toksik
Published: (1992)
Be safe at home
by: Sanders, Pete
Published: (1989)
Waste not want not plants
by: Constant, Anne-Marie
Published: (1972)